[Event "6th Aeroflot Festival"]
[Site "Moscow RUS"]
[Date "2007.02.21"]
[EventDate "2007.02.14"]
[Round "8"]
[Result "1-0"]
[White "Evgeny Shaposhnikov"]
[Black "Shen Yang"]
[WhiteElo "2554"]
[BlackElo "2446"]
[PlyCount "91"]

1. d4 d5 2. c4 c6 3. Nf3 Nf6 4. Nc3 e6 5. e3 Nbd7 6. a3 Bd6
7. Bd3 O-O 8. O-O h6 9. e4 dxe4 10. Nxe4 Nxe4 11. Bxe4 e5
12. Bc2 Re8 13. Re1 exd4 14. Rxe8+ Qxe8 15. Qxd4 Be7 16. Bf4
Bf6 17. Qd6 Nf8 18. Bxh6 Qe6 19. Bf4 Qxd6 20. Bxd6 Be6 21. Be5
Bxe5 22. Nxe5 f6 23. Ng6 Bxc4 24. Ne7+ Kf7 25. Nf5 Bd5 26. Re1
Ne6 27. Nd6+ Kf8 28. Bf5 Nd4 29. Bc8 Bf7 30. Bxb7 Rd8 31. Nxf7
Kxf7 32. Ba6 Nc2 33. Bc4+ Kf8 34. Rb1 Rd2 35. Kf1 Ke7 36. Be2
Nd4 37. Bd1 Ne6 38. Ke1 Rd6 39. Be2 Nf4 40. Bf1 Nd3+ 41. Bxd3
Rxd3 42. Rc1 Rd6 43. Rc4 Re6+ 44. Kd2 Kd6 45. Rd4+ Kc5 46. Rd7
1-0

[Event "Women's World Team Championship"]
[Site "Ekaterinburg RUS"]
[Date "2007.05.20"]
[EventDate "2007.05.20"]
[Round "1"]
[Result "1/2-1/2"]
[White "Thi Thanh An Nguyen"]
[Black "Shen Yang"]
[WhiteElo "2284"]
[BlackElo "2440"]
[PlyCount "27"]

1. d4 d5 2. c4 c6 3. Nf3 Nf6 4. e3 e6 5. Nbd2 Nbd7 6. Bd3 Bd6
7. O-O O-O 8. e4 e5 9. cxd5 cxd5 10. exd5 exd4 11. Ne4 Nxe4
12. Bxe4 Nf6 13. Qxd4 Nxe4 14. Qd1 1/2-1/2

[Event "Women's World Team Championship"]
[Site "Ekaterinburg RUS"]
[Date "2007.05.22"]
[EventDate "2007.05.20"]
[Round "3"]
[Result "1-0"]
[White "Shen Yang"]
[Black "Marta Bartel"]
[WhiteElo "2440"]
[BlackElo "2304"]
[PlyCount "89"]

1. d4 Nf6 2. Nf3 g6 3. c4 Bg7 4. Nc3 d5 5. cxd5 Nxd5 6. e4
Nxc3 7. bxc3 O-O 8. Be2 c5 9. O-O cxd4 10. cxd4 Nc6 11. Be3
Bg4 12. d5 Ne5 13. Nxe5 Bxe2 14. Qxe2 Bxe5 15. Rab1 Qd7 16. f4
Bg7 17. Rfd1 Rfc8 18. e5 b6 19. Qb5 Rc7 20. Qxd7 Rxd7 21. Rb3
Rad8 22. Rbd3 Kf8 23. Kf2 Rc8 24. Kf3 Ke8 25. h4 h5 26. R1d2
Rdc7 27. Ra3 Rd7 28. Ra4 Bh6 29. Rd3 Rcd8 30. Rad4 Rc7 31. Rb4
Rcd7 32. Rb5 Rc7 33. a4 f6 34. e6 Bg7 35. a5 bxa5 36. f5 gxf5
37. Bf4 Rc4 38. Rxa5 Ra8 39. g3 a6 40. Rb3 Rac8 41. Rb7 Rc3+
42. Ke2 Rc2+ 43. Kf1 Bf8 44. Rxa6 Rd8 45. Raa7 1-0

[Event "Women's World Team Championship"]
[Site "Ekaterinburg RUS"]
[Date "2007.05.23"]
[EventDate "2007.05.20"]
[Round "4"]
[Result "0-1"]
[White "Sopio Gvetadze"]
[Black "Shen Yang"]
[WhiteElo "2411"]
[BlackElo "2440"]
[PlyCount "84"]

1. e4 e5 2. Nf3 Nc6 3. Bb5 a6 4. Ba4 Nf6 5. d3 d6 6. c3 g6
7. Bg5 Bg7 8. Nbd2 O-O 9. Nf1 d5 10. exd5 Qxd5 11. Ne3 Qe6
12. O-O b5 13. Bb3 Qd7 14. Re1 Bb7 15. h3 Rae8 16. a4 Kh8
17. axb5 axb5 18. Bh4 Nh5 19. Bc2 f5 20. Nd2 Nd8 21. f3 Ne6
22. Ra7 Ba8 23. Nb3 Nhf4 24. Kh2 Qd6 25. Kh1 Bh6 26. Bf2 Rd8
27. d4 Bg7 28. dxe5 Qxe5 29. Qb1 Qf6 30. Rg1 Nxh3 31. gxh3
Bxf3+ 32. Ng2 Nf4 33. Kh2 Ne2 34. Nd4 Qe5+ 35. Kh1 Rxd4
36. Qe1 Rdd8 37. Bh4 g5 38. Qf2 gxh4 39. Re1 Qg3 40. Rxe2 Bxe2
41. Qxe2 Rfe8 42. Qf1 Rd2 0-1

[Event "Women's World Team Championship"]
[Site "Ekaterinburg RUS"]
[Date "2007.05.24"]
[EventDate "2007.05.20"]
[Round "5"]
[Result "1-0"]
[White "Shen Yang"]
[Black "Oksana Vozovic"]
[WhiteElo "2440"]
[BlackElo "2356"]
[PlyCount "137"]

1. d4 Nf6 2. Nf3 c5 3. d5 g6 4. c4 b5 5. cxb5 a6 6. bxa6 Bxa6
7. Nc3 Bg7 8. e4 Bxf1 9. Kxf1 d6 10. g3 Nbd7 11. Kg2 O-O
12. Re1 Ng4 13. Qc2 Nge5 14. Nxe5 Nxe5 15. Bf4 Nc4 16. b3 Qa5
17. Rac1 Na3 18. Qd2 Bxc3 19. Rxc3 Nb5 20. Rc2 Nd4 21. Rb2
Qxd2 22. Rxd2 f6 23. Be3 Nb5 24. Rc1 Ra3 25. Rcc2 Rfa8 26. h4
h5 27. Kf1 Kf7 28. Ke1 e6 29. dxe6+ Kxe6 30. f3 R8a6 31. Kf2
Ra8 32. g4 R8a6 33. Kg3 Ra8 34. Kf4 Rh8 35. Kg3 Rha8 36. Rg2
Rh8 37. Bc1 Ra7 38. Bb2 Rb8 39. gxh5 gxh5 40. Ba1 Rg8+ 41. Kf4
Rag7 42. Rxg7 Rxg7 43. Bb2 Rg1 44. a4 Na7 45. b4 Nc6 46. bxc5
Nb4 47. Rd2 dxc5 48. Bc3 Nc6 49. Bxf6 Rc1 50. Bb2 Rc4 51. Rg2
Rxa4 52. Rg5 c4 53. Rxh5 Rb4 54. Rc5 Kd6 55. Rd5+ Ke6 56. Ba3
Rb6 57. Rc5 Ra6 58. Rxc4 Ne5 59. Rc3 Ra7 60. Rb3 Rf7+ 61. Kg3
Rg7+ 62. Kf2 Rc7 63. h5 Kf7 64. Bd6 Rc2+ 65. Kg3 Nc6 66. Bf4
Nd4 67. Rb7+ Kf6 68. Be3 Ne2+ 69. Kg4 1-0

[Event "Women's World Team Championship"]
[Site "Ekaterinburg RUS"]
[Date "2007.05.26"]
[EventDate "2007.05.20"]
[Round "6"]
[Result "1-0"]
[White "Shen Yang"]
[Black "Nelly Aginian"]
[WhiteElo "2440"]
[BlackElo "2263"]
[PlyCount "113"]

1. d4 d5 2. Nf3 Nf6 3. c4 c6 4. Qb3 dxc4 5. Qxc4 Bf5 6. g3 e6
7. Bg2 Nbd7 8. O-O Be7 9. Nc3 h6 10. Re1 Ne4 11. Qb3 Qb6
12. Nh4 Qxb3 13. axb3 Bxh4 14. gxh4 Nxc3 15. bxc3 O-O 16. e4
Bg6 17. Ra5 Rfe8 18. Be3 a6 19. Rea1 Nf6 20. f3 Nd7 21. c4 f6
22. b4 Rad8 23. Rc1 Rc8 24. Kf2 Bf7 25. Bh3 Kf8 26. b5 cxb5
27. cxb5 Nb8 28. bxa6 Rxc1 29. Bxc1 bxa6 30. Ba3+ Kg8 31. Rc5
Rd8 32. Rc7 a5 33. Ke3 Na6 34. Rb7 Rc8 35. Kd3 Rc6 36. Rb5
Nb4+ 37. Bxb4 axb4 38. Rxb4 Rc1 39. Rb8+ Kh7 40. Rf8 Bg8
41. h5 Rh1 42. d5 exd5 43. Bf5+ g6 44. hxg6+ Kg7 45. Rxg8+
Kxg8 46. exd5 Rxh2 47. d6 Rb2 48. d7 Rb8 49. Kc4 Kf8 50. Kc5
Ke7 51. Kc6 h5 52. Kc7 Ra8 53. g7 Rg8 54. Bh7 Rxg7 55. d8=Q+
Ke6+ 56. Kc6 Rxh7 57. Qd5+ 1-0

[Event "Women's World Team Championship"]
[Site "Ekaterinburg RUS"]
[Date "2007.05.27"]
[EventDate "2007.05.20"]
[Round "7"]
[Result "1/2-1/2"]
[White "Shen Yang"]
[Black "Katerina Nemcova"]
[WhiteElo "2440"]
[BlackElo "2164"]
[PlyCount "67"]

1. d4 Nf6 2. Nf3 g6 3. c4 Bg7 4. Nc3 O-O 5. e4 d6 6. Be2 e5
7. O-O Nc6 8. d5 Ne7 9. b4 Nh5 10. Re1 f5 11. Ng5 Nf6 12. Bf3
c6 13. Bb2 Kh8 14. Qb3 h6 15. Ne6 Bxe6 16. dxe6 fxe4 17. Nxe4
Nxe4 18. Rxe4 d5 19. cxd5 cxd5 20. Rxe5 Bxe5 21. Bxe5+ Kh7
22. Re1 Qb6 23. Ba1 Rad8 24. h4 Rf4 25. Qb2 d4 26. h5 gxh5
27. Bxh5 Rg8 28. Qb1+ Kh8 29. Re4 Rxe4 30. Qxe4 Rd8 31. Be2
Qxb4 32. Bd3 Kg7 33. f4 Kf8 34. a3 1/2-1/2

[Event "Women's World Team Championship"]
[Site "Ekaterinburg RUS"]
[Date "2007.05.29"]
[EventDate "2007.05.20"]
[Round "9"]
[Result "1/2-1/2"]
[White "Melanie Ohme"]
[Black "Shen Yang"]
[WhiteElo "2225"]
[BlackElo "2440"]
[PlyCount "240"]

1. e4 e5 2. Bc4 Nf6 3. d3 Bc5 4. Nf3 Nc6 5. c3 a6 6. Bb3 Ba7
7. Nbd2 O-O 8. O-O d6 9. h3 Ne7 10. Re1 Ng6 11. Nf1 h6 12. Ng3
c5 13. d4 Bd7 14. Be3 Qc7 15. Nh2 Rfe8 16. dxc5 dxc5 17. Ng4
Bxg4 18. hxg4 c4 19. Bxa7 Rxa7 20. Bc2 Rd8 21. Qf3 Qb6
22. Rad1 Rxd1 23. Bxd1 Qxb2 24. Nf5 b5 25. Nxh6+ gxh6 26. Qxf6
Qxc3 27. Rf1 Qd2 28. Qb6 Qd4 29. Qc6 Kg7 30. Bf3 Nf4 31. g3
Nd3 32. Kg2 c3 33. Be2 Nb4 34. Qe8 f6 35. Rd1 Qxe4+ 36. Bf3
Qg6 37. Qc8 c2 38. Rd8 Qf7 39. Be4 Qc4 40. Qf5 Qxe4+ 41. Qxe4
c1=Q 42. Qxb4 Qc6+ 43. Kh2 Rf7 44. Qd2 Qf3 45. Rd7 Qxg4
46. Rxf7+ Kxf7 47. Qxh6 Qf5 48. Qd2 Kg6 49. Kg2 Qe4+ 50. Kg1
Qc4 51. a3 Qc7 52. Kg2 f5 53. Qb4 Qc6+ 54. Kg1 Qe6 55. Kg2 Kf7
56. Qc5 Qe7 57. Qd5+ Kf6 58. Qc6+ Qe6 59. Qc5 Kg5 60. Qf8 Qd5+
61. Kg1 Kg4 62. Qc8 Qd1+ 63. Kg2 Qf3+ 64. Kg1 Qd1+ 65. Kg2
Qd5+ 66. Kg1 a5 67. Qc1 b4 68. axb4 axb4 69. Qh6 Qe4 70. Kf1
Qd3+ 71. Kg2 Qd5+ 72. Kf1 Qd1+ 73. Kg2 Qf3+ 74. Kf1 Qd3+
75. Kg2 Qd5+ 76. Kf1 f4 77. Qh4+ Kf5 78. g4+ Ke4 79. Qh7+ Kd4
80. g5 b3 81. g6 Qc4+ 82. Kg2 Qc6+ 83. Kh2 Qc2 84. Qa7+ Kd5
85. g7 Qh7+ 86. Kg2 Qg6+ 87. Kh2 Qh5+ 88. Kg2 Qg4+ 89. Kf1 b2
90. Qb7+ Kc4 91. Qxb2 Qxg7 92. Qc2+ Kd5 93. Qb3+ Kd6 94. Qb6+
Ke7 95. Qc7+ Kf6 96. Qc6+ Kf5 97. Qc8+ Kg5 98. Qd8+ Qf6
99. Qg8+ Kh6 100. f3 Qa6+ 101. Kf2 Qb6+ 102. Kf1 Qb1+ 103. Kf2
Qc2+ 104. Kf1 Qd3+ 105. Kf2 Qe3+ 106. Kg2 Qe2+ 107. Kg1 Qxf3
108. Qh8+ Kg6 109. Qxe5 Qg3+ 110. Kf1 Qh3+ 111. Kf2 Qh2+
112. Kf1 Qg3 113. Qe6+ Kg5 114. Qg8+ Kh4 115. Qh7+ Kg4
116. Qg6+ Kf3 117. Qd3+ Kg4 118. Qg6+ Kh3 119. Qh5+ Qh4
120. Qxh4+ Kxh4 1/2-1/2

[Event "Russia - China Match"]
[Site "Moscow RUS"]
[Date "2007.08.20"]
[EventDate "2007.08.20"]
[Round "1"]
[Result "1/2-1/2"]
[White "Ekaterina Korbut"]
[Black "Shen Yang"]
[WhiteElo "2445"]
[BlackElo "2439"]
[PlyCount "71"]

1. e4 e5 2. Nf3 Nc6 3. Bb5 a6 4. Ba4 Nf6 5. Bxc6 dxc6 6. d3
Bd6 7. Nbd2 Be6 8. b3 c5 9. Nc4 Nd7 10. Ng5 Bxc4 11. bxc4 Nb8
12. Rb1 b6 13. O-O O-O 14. f4 exf4 15. Qh5 h6 16. Nh3 Nc6
17. Bxf4 Nd4 18. c3 Ne6 19. e5 Be7 20. Rbd1 b5 21. Be3 c6
22. Rf3 Qc7 23. d4 cxd4 24. cxd4 bxc4 25. Bxh6 Rad8 26. Rg3
Rxd4 27. Rxd4 Bc5 28. Be3 Bxd4 29. Bxd4 Nxd4 30. Ng5 Rb8
31. h3 Qxe5 32. Qxf7+ Kh8 33. Qh5+ Kg8 34. Qf7+ Kh8 35. Qh5+
Kg8 36. Qf7+ 1/2-1/2

[Event "Russia - China Match"]
[Site "Moscow RUS"]
[Date "2007.08.21"]
[EventDate "2007.08.20"]
[Round "2"]
[Result "1-0"]
[White "Shen Yang"]
[Black "Tatiana Kosintseva"]
[WhiteElo "2439"]
[BlackElo "2502"]
[PlyCount "101"]

1. d4 Nf6 2. Nf3 e6 3. c4 b6 4. g3 Ba6 5. Qc2 Bb7 6. Bg2 c5
7. d5 exd5 8. cxd5 Nxd5 9. O-O Be7 10. Rd1 Nc6 11. Qf5 Nf6
12. e4 g6 13. Qf4 O-O 14. Nc3 d6 15. b3 Qb8 16. Bb2 Ne5
17. Nb5 Nh5 18. Qe3 Bc6 19. Nc3 Bf6 20. Ne1 Bg7 21. Qe2 Re8
22. f4 Nd7 23. e5 Bxg2 24. Qxg2 dxe5 25. Rxd7 exf4 26. g4 Nf6
27. Rd3 Qc8 28. Nb5 c4 29. bxc4 Qxc4 30. Nd6 Qc5+ 31. Kh1 Nxg4
32. Qxg4 Bxb2 33. Rb1 Re7 34. Qg2 f3 35. Qxb2 Re2 36. Qd4 f2
37. Nf3 Qxd4 38. Rxd4 Rxa2 39. Kg2 Rd8 40. Rc1 a5 41. Rc7 a4
42. Ng5 f1=Q+ 43. Kxf1 Rxh2 44. Rxa4 b5 45. Raa7 b4 46. Rcb7
Rd2 47. Ngxf7 Rf8 48. Ke1 Rh2 49. Rxb4 Kg7 50. Ng5+ Kg8
51. Rbb7 1-0

[Event "Russia - China Match"]
[Site "Moscow RUS"]
[Date "2007.08.22"]
[EventDate "2007.08.20"]
[Round "3"]
[Result "1-0"]
[White "Nadezhda Kosintseva"]
[Black "Shen Yang"]
[WhiteElo "2475"]
[BlackElo "2439"]
[PlyCount "119"]

1. e4 e5 2. Nf3 Nc6 3. Bb5 a6 4. Ba4 Nf6 5. O-O Be7 6. d3 b5
7. Bb3 d6 8. a4 Bd7 9. Bd2 O-O 10. axb5 axb5 11. Nc3 Rb8
12. h3 Qc8 13. Bg5 Nb4 14. Qe2 h6 15. Bd2 Be6 16. d4 Bxb3
17. cxb3 Qe8 18. Rac1 Bd8 19. d5 Na6 20. Be3 Rb7 21. Ra1 Nb4
22. Rfc1 c5 23. dxc6 Nxc6 24. Ra6 Na5 25. Nd2 b4 26. Na4 Rc7
27. Rd1 Rc6 28. Qd3 Rxa6 29. Qxa6 Qc6 30. Qxc6 Nxc6 31. Nc4
Nxe4 32. Nxd6 Nxd6 33. Rxd6 Na5 34. Rd5 Nxb3 35. Rxe5 Bc7
36. Rb5 Rd8 37. Kf1 Bd6 38. Rd5 Be7 39. Rxd8+ Bxd8 40. Ke2 Be7
41. Kd3 Na1 42. Nb6 f5 43. Nd5 Bd6 44. Bd2 b3 45. Bb4 Be5
46. Bc3 Bd6 47. Ne3 g6 48. Nc4 Bc5 49. f3 g5 50. Nd2 Bf2
51. g4 fxg4 52. fxg4 h5 53. Ne4 hxg4 54. Nxf2 gxh3 55. Nxh3 g4
56. Nf4 Kf7 57. Ke3 Nc2+ 58. Ke4 Ke7 59. Nd5+ Kd6 60. Ne3 1-0

[Event "Russia - China Match"]
[Site "Nizhniy Novgorog RUS"]
[Date "2007.08.23"]
[EventDate "2007.08.20"]
[Round "4"]
[Result "1-0"]
[White "Shen Yang"]
[Black "Elena Tairova"]
[WhiteElo "2439"]
[BlackElo "2410"]
[PlyCount "121"]

1. d4 d5 2. Nf3 Nf6 3. c4 c6 4. Qb3 e6 5. Bg5 Nbd7 6. Nc3 Be7
7. g3 O-O 8. Bg2 Nb6 9. c5 Nbd7 10. Qa4 e5 11. dxe5 Ne8 12. h4
Nxc5 13. Bxe7 Qxe7 14. Qa3 Nc7 15. O-O Re8 16. Rad1 h6 17. Nd4
Nd7 18. Qxe7 Rxe7 19. f4 Nb6 20. e4 Bg4 21. Bf3 Bxf3 22. Rxf3
Rd8 23. Nf5 Red7 24. Nd6 Ne8 25. Nxe8 Rxe8 26. exd5 cxd5
27. Rfd3 Rc8 28. Kf2 Kf8 29. Kf3 Rc5 30. h5 Ke7 31. b3 a6
32. Kg4 Ke6 33. Ne2 Ke7 34. Nd4 a5 35. Re1 Rdc7 36. e6 Rc1
37. Ree3 Nc8 38. Nf5+ Kf6 39. exf7 Kxf7 40. Rxd5 R1c5 41. Rd8
Kf6 42. Rf8+ Rf7 43. Rfe8 Rd7 44. R3e5 Rcc7 45. Rxa5 Kf7
46. Rae5 Nd6 47. Nxd6+ Rxd6 48. Rh8 Rd2 49. Ree8 Kf6 50. Rhf8+
Rf7 51. Rxf7+ Kxf7 52. Rb8 Rd7 53. Kf5 Re7 54. a4 Rc7 55. b4
Rd7 56. b5 Ke7 57. Kg6 Kd6 58. Rc8 Kd5 59. a5 Ke4 60. b6 Rd3
61. Re8+ 1-0

[Event "Russia - China Match"]
[Site "Nizhniy Novgorog RUS"]
[Date "2007.08.24"]
[EventDate "2007.08.20"]
[Round "5"]
[Result "0-1"]
[White "Ekaterina Kovalevskaya"]
[Black "Shen Yang"]
[WhiteElo "2454"]
[BlackElo "2439"]
[PlyCount "92"]

1. e4 e5 2. Nf3 Nc6 3. Bb5 a6 4. Ba4 Nf6 5. Bxc6 dxc6 6. d3
Bd6 7. Nbd2 Be6 8. b3 Nd7 9. Bb2 c5 10. Nc4 f6 11. Ne3 Nb8
12. Nf5 Qd7 13. N3h4 Nc6 14. Qh5+ g6 15. Nxd6+ cxd6 16. Qe2
Nd4 17. Qd2 g5 18. Nf3 Nxf3+ 19. gxf3 Qf7 20. O-O-O Qh5
21. Qa5 Rd8 22. Qc7 Qxf3 23. Qg7 Rg8 24. Qxb7 Rd7 25. Qxa6
Qxf2 26. Rdf1 Qg2 27. Bc3 Ke7 28. Rfg1 Qf3 29. Rf1 Qe2 30. Re1
Qh5 31. b4 g4 32. bxc5 dxc5 33. Qc6 c4 34. Qc5+ Kf7 35. Ref1
cxd3 36. cxd3 Rxd3 37. Qxe5 Rxc3+ 38. Qxc3 Rc8 39. Rxf6+ Kg8
40. Qxc8+ Bxc8 41. Rhf1 Qc5+ 42. Kb2 Be6 43. Rf8+ Kg7 44. R1f2
Qb4+ 45. Kc1 Qc3+ 46. Kd1 g3 0-1

[Event "Russia - China Match"]
[Site "Nizhniy Novgorod RUS"]
[Date "2007.08.26"]
[EventDate "2007.08.20"]
[Round "6"]
[Result "1/2-1/2"]
[White "Shen Yang"]
[Black "Ekaterina Korbut"]
[WhiteElo "2439"]
[BlackElo "2445"]
[PlyCount "89"]

1. d4 d5 2. c4 c6 3. Nf3 Nf6 4. Qc2 dxc4 5. Qxc4 Bf5 6. g3 e6
7. Bg2 Be7 8. O-O O-O 9. Nc3 Nbd7 10. Re1 Bg6 11. e4 c5
12. dxc5 Bxc5 13. e5 Rc8 14. Qh4 Nd5 15. Nxd5 exd5 16. Qxd8
Rfxd8 17. Bg5 f6 18. exf6 gxf6 19. Bf4 Be4 20. Nh4 Bxg2
21. Kxg2 Bb4 22. Red1 Ne5 23. Nf5 Kf7 24. Rac1 Rc6 25. Nd4
Rxc1 26. Rxc1 Ba5 27. Rd1 Bb6 28. h3 Rc8 29. b3 h5 30. Be3 Kg6
31. Rd2 Ba5 32. Re2 a6 33. f4 Nc6 34. Nf3 Bc3 35. Nh4+ Kf7
36. Nf5 Rd8 37. Bd2 d4 38. Kf3 b5 39. g4 b4 40. gxh5 Rh8
41. h6 Kg6 42. Nd6 Kh5 43. Nf5 Kg6 44. Nd6 Kh5 45. Nf5 1/2-1/2

[Event "Russia - China Match"]
[Site "Nizhniy Novgorod RUS"]
[Date "2007.08.27"]
[EventDate "2007.08.20"]
[Round "7"]
[Result "1-0"]
[White "Tatiana Kosintseva"]
[Black "Shen Yang"]
[WhiteElo "2502"]
[BlackElo "2439"]
[PlyCount "211"]

1. e4 e5 2. Nf3 Nc6 3. Bb5 a6 4. Ba4 Nf6 5. O-O Be7 6. d3 b5
7. Bb3 d6 8. a4 Bd7 9. Bd2 Bg4 10. c3 O-O 11. h3 Bd7 12. Ba2
h6 13. b4 Re8 14. Na3 Qb8 15. Nc2 bxa4 16. Ne3 a5 17. Nd5 axb4
18. cxb4 Nd8 19. Nxe7+ Rxe7 20. Nh4 Nc6 21. f4 Nxb4 22. Bc4 d5
23. fxe5 dxc4 24. exf6 Re8 25. Qf3 Qb6+ 26. Kh1 Qxf6 27. Qxf6
gxf6 28. Bxb4 cxd3 29. Rfe1 Rab8 30. Bc3 Bc6 31. Nf3 Bxe4
32. Nd2 f5 33. Kg1 Bc6 34. Kf2 Kh7 35. g3 Kg6 36. Nc4 f6
37. Nd2 h5 38. h4 Kf7 39. Re3 Rxe3 40. Kxe3 Rg8 41. Nf1 Rg4
42. Be1 Re4+ 43. Kd2 Bb5 44. Ne3 Ke6 45. Bf2 c6 46. Re1 a3
47. Kc3 Ke5 48. Ra1 f4 49. gxf4+ Kxf4 50. Kd2 Rb4 51. Nd1 Rb3
52. Bd4 f5 53. Nf2 Kf3 54. Nd1 f4 55. Bf6 Kg2 56. Be7 Kg3
57. Bxa3 Kxh4 58. Nf2 Bc4 59. Ne4 Bd5 60. Nc5 Rb8 61. Nxd3 f3
62. Rg1 Re8 63. Bc5 Re2+ 64. Kc3 Rg2 65. Bf2+ Kg5 66. Rh1 Bf7
67. Kd4 Kf5 68. Ke3 Rg8 69. Rh4 Rg4 70. Rh3 Re4+ 71. Kd2 Re2+
72. Kc3 Kf6 73. Rxf3+ Ke7 74. Bh4+ Ke8 75. Rf4 Bd5 76. Kd4 Kd7
77. Nc5+ Kc7 78. Rf8 Rd2+ 79. Kc3 Rg2 80. Bf6 Kd6 81. Bd4 Rg3+
82. Kd2 Rg4 83. Be3 Rg2+ 84. Kd3 Rg4 85. Rf6+ Ke7 86. Rh6 Bf3
87. Bd4 Kd8 88. Rd6+ Kc8 89. Rf6 Bd5 90. Rf8+ Kc7 91. Be5+ Kb6
92. Nd7+ Ka7 93. Bd4+ Kb7 94. Nc5+ Kc7 95. Be5+ Kb6 96. Bd6
Rg6 97. Rb8+ Ka7 98. Rb7+ Ka8 99. Be5 Rg4 100. Rb8+ Ka7
101. Rb7+ Ka8 102. Re7 Rb4 103. Bd4 Rb6 104. Re8+ Rb8 105. Re1
Rg8 106. Ra1+ 1-0

[Event "Russia - China Match"]
[Site "Nizhniy Novgorod RUS"]
[Date "2007.08.28"]
[EventDate "2007.08.20"]
[Round "8"]
[Result "0-1"]
[White "Shen Yang"]
[Black "Nadezhda Kosintseva"]
[WhiteElo "2439"]
[BlackElo "2475"]
[PlyCount "124"]

1. d4 Nf6 2. Nf3 e6 3. c4 b6 4. g3 Ba6 5. b3 Bb4+ 6. Bd2 Be7
7. Bg2 c6 8. Bc3 d5 9. Ne5 Nfd7 10. Nxd7 Nxd7 11. Nd2 O-O
12. O-O f5 13. a4 Bd6 14. b4 Nf6 15. Qc2 Qe7 16. b5 cxb5
17. cxb5 Bc8 18. Nc4 Bd7 19. Nxd6 Qxd6 20. Qb3 Rfc8 21. Rfc1
Be8 22. Bd2 Qd7 23. Bf4 Rxc1+ 24. Rxc1 Rc8 25. Rc2 Qb7 26. Bf1
Bd7 27. e3 Kf7 28. f3 Ke8 29. Qb2 Rxc2 30. Qxc2 Qc8 31. Qb2
Kf7 32. Bd3 h6 33. h3 h5 34. Kf2 Be8 35. Ke2 Bd7 36. Kd2 Be8
37. Qb4 Qd7 38. Kc3 Qe7 39. Qb3 Qb7 40. Kb2 Qd7 41. Qc3 Qb7
42. Kb3 Qd7 43. Qb4 Qe7 44. Qxe7+ Kxe7 45. Bb8 Nd7 46. Bxa7
Kd6 47. e4 fxe4 48. fxe4 Kc7 49. a5 Bg6 50. exd5 Bxd3 51. dxe6
Nf6 52. Bxb6+ Kd6 53. Ka4 Nd5 54. Bc5+ Kxe6 55. a6 Nc3+
56. Ka5 Nxb5 57. Kb6 Nc3 58. a7 Be4 59. Kc7 Ne2 60. g4 h4
61. Bf8 g5 62. Kb8 Nxd4 0-1

[Event "Russia - China Match"]
[Site "Nizhniy Novgorod RUS"]
[Date "2007.08.29"]
[EventDate "2007.08.20"]
[Round "9"]
[Result "0-1"]
[White "Elena Tairova"]
[Black "Shen Yang"]
[WhiteElo "2410"]
[BlackElo "2439"]
[PlyCount "72"]

1. e4 e5 2. Nf3 Nc6 3. Bb5 a6 4. Ba4 Nf6 5. O-O Be7 6. Re1 b5
7. Bb3 d6 8. c3 O-O 9. d4 Bg4 10. Be3 exd4 11. cxd4 Na5
12. Bc2 Nc4 13. Bc1 c5 14. b3 Nb6 15. Nbd2 Bh5 16. h3 Rc8
17. Bb2 Nfd7 18. Rc1 Re8 19. g4 Bg6 20. Nf1 cxd4 21. Qd2 Bf6
22. Nxd4 d5 23. f4 Bxe4 24. Bxe4 Rxe4 25. Rxe4 dxe4 26. g5
Rxc1 27. Qxc1 Bxd4+ 28. Bxd4 Nf8 29. Be3 Nd5 30. Ng3 Qd7
31. Kh2 Ng6 32. Bd2 f5 33. gxf6 Nxf6 34. Qc2 Nh4 35. Ba5 e3
36. Qc5 Qb7 0-1

[Event "Russia - China Match"]
[Site "Nizhniy Novgorod RUS"]
[Date "2007.08.30"]
[EventDate "2007.08.20"]
[Round "10"]
[Result "1/2-1/2"]
[White "Shen Yang"]
[Black "Ekaterina Kovalevskaya"]
[WhiteElo "2439"]
[BlackElo "2454"]
[PlyCount "86"]

1. d4 Nf6 2. Nf3 e6 3. c4 d5 4. Nc3 c5 5. cxd5 Nxd5 6. e4 Nxc3
7. bxc3 cxd4 8. cxd4 Bb4+ 9. Bd2 Bxd2+ 10. Qxd2 O-O 11. Bd3
Nc6 12. Bc2 Qa5 13. Bb3 Rd8 14. Rd1 Qxd2+ 15. Rxd2 Na5 16. Ke2
Bd7 17. Rc1 Nxb3 18. axb3 a5 19. Ke3 f6 20. Rc5 Kf8 21. h4
Rdc8 22. Rdc2 Rxc5 23. Rxc5 Ke7 24. Nd2 b5 25. Kd3 Rc8 26. f4
Rxc5 27. dxc5 e5 28. f5 Be8 29. Kc3 Kd7 30. b4 a4 31. Nf1 Ke7
32. Nd2 Bc6 33. Kd3 h5 34. Nb1 Kf7 35. Nc3 g6 36. g3 Kg7
37. Nd1 gxf5 38. exf5 Kf7 39. Ne3 Kg7 40. Kc3 Be4 41. Kb2 Kf7
42. Kc3 Ke7 43. Kb2 Kf7 1/2-1/2

[Event "UK vs China Match"]
[Site "Liverpool ENG"]
[Date "2007.09.05"]
[EventDate "2007.09.04"]
[Round "2"]
[Result "1/2-1/2"]
[White "Shen Yang"]
[Black "Jovanka Houska"]
[WhiteElo "2439"]
[BlackElo "2401"]
[PlyCount "108"]

1. d4 d5 2. Nf3 Nf6 3. c4 c6 4. Nc3 e6 5. Bg5 h6 6. Bxf6 Qxf6
7. e3 Nd7 8. Bd3 Bd6 9. O-O Qd8 10. e4 dxe4 11. Nxe4 Bc7
12. Qe2 O-O 13. Rad1 Qe7 14. Ng3 Re8 15. Rfe1 Nf6 16. a3 a5
17. Bc2 Bd7 18. Ne5 Red8 19. Ne4 Be8 20. Nxf6+ Qxf6 21. Rd3 c5
22. dxc5 Rxd3 23. Nxd3 Qh4 24. f4 Bc6 25. Qe3 Rd8 26. Re2 g5
27. Rf2 gxf4 28. Nxf4 Qg5 29. g3 Be5 30. Rd2 Rxd2 31. Qxd2
Bxb2 32. Qxa5 e5 33. Ne2 Qe3+ 34. Kf1 Bd4 35. Nxd4 exd4
36. Bd1 d3 37. Qc7 Bf3 38. c6 bxc6 39. Qb8+ Kh7 40. Qb1 Be2+
41. Bxe2 Qxe2+ 42. Kg1 Qe3+ 43. Kg2 Qe4+ 44. Kf2 Qe2+ 45. Kg1
Kg7 46. Qa1+ f6 47. Qf1 Qe3+ 48. Kg2 d2 49. Qd1 f5 50. Kf1 h5
51. Qe2 Qd4 52. Qe7+ Kg6 53. Qe6+ Kg7 54. Qe7+ Kg6 1/2-1/2

[Event "UK vs China Match"]
[Site "Liverpool ENG"]
[Date "2007.09.06"]
[EventDate "2007.09.04"]
[Round "3"]
[Result "0-1"]
[White "Shen Yang"]
[Black "Ketevan Arakhamia-Grant"]
[WhiteElo "2439"]
[BlackElo "2418"]
[PlyCount "78"]

1. d4 Nf6 2. c4 g6 3. Nc3 Bg7 4. e4 d6 5. Nf3 O-O 6. Be2 e5
7. O-O Nc6 8. d5 Ne7 9. Nd2 Nd7 10. b4 a5 11. bxa5 Rxa5
12. Nb3 Ra8 13. a4 f5 14. f3 Kh8 15. a5 Ng8 16. Be3 f4 17. Bf2
g5 18. c5 Ndf6 19. Nb5 g4 20. Qc2 g3 21. hxg3 fxg3 22. Bxg3
Nh5 23. Bh2 Bh6 24. g4 Bf4 25. Bd1 Bxh2+ 26. Qxh2 Nf4 27. Ra2
Rf6 28. Qg3 Rh6 29. Rh2 dxc5 30. Na3 b5 31. Rxh6 Nxh6 32. Qh2
Nf7 33. Nxc5 Qe7 34. Qc2 Rxa5 35. Nb1 Ng5 36. Kh2 b4 37. Nb3
Ra6 38. Rh1 Rh6+ 39. Kg1 Ngh3+ 0-1

[Event "UK vs China Match"]
[Site "Liverpool ENG"]
[Date "2007.09.07"]
[EventDate "2007.09.04"]
[Round "4"]
[Result "0-1"]
[White "Jovanka Houska"]
[Black "Shen Yang"]
[WhiteElo "2401"]
[BlackElo "2439"]
[PlyCount "106"]

1. e4 e5 2. Nf3 Nc6 3. Bb5 a6 4. Ba4 Nf6 5. O-O Be7 6. Re1 b5
7. Bb3 d6 8. c3 O-O 9. d3 h6 10. Nbd2 Re8 11. Nf1 Bf8 12. Ne3
Na5 13. Bc2 c5 14. a3 Nc6 15. a4 Bb7 16. Bb3 Na5 17. Ba2 Qd7
18. b4 cxb4 19. cxb4 Nc6 20. Bd2 d5 21. Nxd5 Nxd5 22. exd5
Nxb4 23. Bxb4 Bxb4 24. Rxe5 Bc3 25. Rxe8+ Rxe8 26. Rc1 b4
27. Bc4 Bxd5 28. Bxd5 Qxd5 29. d4 Qa2 30. h3 a5 31. Ne5 f6
32. Qh5 Qe6 33. Nf3 f5 34. Nh4 Rf8 35. Nf3 Qe8 36. Qh4 Qxa4
37. Qe7 Qe8 38. Qc5 a4 39. d5 Qc8 40. Qb5 a3 41. Nd4 Qb8
42. Qc4 Qf4 43. Rd1 Kh7 44. Qc5 Rd8 45. Ne6 Qd6 46. Qa7 Re8
47. Qf7 Rxe6 48. Qxe6 Qxe6 49. dxe6 Kg6 50. Rd8 Kf6 51. Ra8
Kxe6 52. Ra5 Bb2 53. g4 fxg4 0-1

[Event "UK vs China Match"]
[Site "Liverpool ENG"]
[Date "2007.09.08"]
[EventDate "2007.09.04"]
[Round "5"]
[Result "1/2-1/2"]
[White "Ketevan Arakhamia-Grant"]
[Black "Shen Yang"]
[WhiteElo "2418"]
[BlackElo "2439"]
[PlyCount "62"]

1. e4 e5 2. Nf3 Nc6 3. Bb5 a6 4. Ba4 Nf6 5. O-O Be7 6. Re1 b5
7. Bb3 d6 8. c3 O-O 9. h3 Bb7 10. d4 Re8 11. Ng5 Rf8 12. Nf3
Re8 13. Nbd2 Bf8 14. d5 Nb8 15. Nf1 Nbd7 16. N3h2 h6 17. Ng4
Nc5 18. Bc2 Nxg4 19. hxg4 Be7 20. b4 Nd7 21. Ne3 Bg5 22. a4
Nb6 23. axb5 axb5 24. Rxa8 Bxa8 25. Qd3 c6 26. Rd1 Qd7 27. Bb3
cxd5 28. Nxd5 Nxd5 29. Bxd5 Bxd5 30. Qxd5 Bxc1 31. Rxc1 Rc8
1/2-1/2